APEC Schools

Real time : devotions for Filipino youth / (Record no. 8003)

000 -LEADER
fixed length control field nam a22 7a 4500
005 - DATE AND TIME OF LATEST TRANSACTION
control field 20190910075413.0
008 - FIXED-LENGTH DATA ELEMENTS--GENERAL INFORMATION
fixed length control field 190910b xxu||||| |||| 00| 0 eng d
020 ## - IDENTIFIER FOR THE MANIFESTATION
Binding paperback
040 ## - CATALOGING SOURCE
Language of Cataloging eng
Transcribing Agency APEC Schools Library
Description Conventions rda
082 ## - DEWEY DECIMAL CLASSIFICATION NUMBER
Classification number F 818.5403
Author's Number C156r 2013
100 ## - CREATOR
Preferred Name of the Person Callanta, John
245 ## - TITLE AND STATEMENT OF RESPONSIBILITY
Preferred Title Proper Real time : devotions for Filipino youth /
Statement of Responsibility/Parallel Statement of Responsibility John Callanta
264 ## - PUBLICATION STATEMENT
Place of publication, distribution, etc Makati City :
Publisher's Name/Parallel Publisher's Name Cross Over Books,
Copyright ©2013.
300 ## - PHYSICAL DESCRIPTION
Extent 180 pages ;
336 ## - RDA CONTENT
Source rdacontent
Content Type text
337 ## - RDA MEDIA
Source rdamedia
Media Type unmediated
338 ## - RDA CARRIER
Source rdacarrier
Carrier Type volume
650 ## - ADDED SUBJECT ACCESS POINT - TOPICAL TERM
Topical Term Religion.
650 ## - ADDED SUBJECT ACCESS POINT - TOPICAL TERM
Topical Term Devotion.
650 ## - ADDED SUBJECT ACCESS POINT - TOPICAL TERM
Topical Term Prayer.
650 ## - ADDED SUBJECT ACCESS POINT - TOPICAL TERM
Topical Term Faith.
942 ## - ADDED ENTRY ELEMENTS (KOHA)
Source of Classification
Koha Item Type Non Fiction
Holdings
Library Site Location Shelving Location Source of Acquisition Full Classification Number Accession Number Koha Item Type
APEC Marikina Heights Library APEC Marikina Heights Library Filipiniana Donation F 818.5403 C156r 2013 A08-0000079D Non Fiction

Powered by Koha